BUBT Library Online Catalog

Employee Training and Development / (Record no. 4798)

000 -LEADER
fixed length control field 00533nam a2200193Ia 4500
003 - CONTROL NUMBER IDENTIFIER
control field BUBTL
008 - FIXED-LENGTH DATA ELEMENTS--GENERAL INFORMATION
fixed length control field 151213s9999 xx 000 0 und d
020 ## - INTERNATIONAL STANDARD BOOK NUMBER
International Standard Book Number 0-07-2875-50-x
082 ## - DEWEY DECIMAL CLASSIFICATION NUMBER
Classification number 658.3124 / NOE
100 ## - MAIN ENTRY--PERSONAL NAME
Personal name Noe, Raymond A.
9 (RLIN) 1431
245 ## - TITLE STATEMENT
Title Employee Training and Development /
Statement of responsibility, etc. Raymond A. Noe
250 ## - EDITION STATEMENT
Edition statement 3rd edn.
260 ## - PUBLICATION, DISTRIBUTION, ETC. (IMPRINT)
Place of publication, distribution, etc. Boston
Name of publisher, distributor, etc. McGrawHill Irwin
Date of publication, distribution, etc. 2005
300 ## - PHYSICAL DESCRIPTION
Extent xv, 462 p. :
Dimensions 21 cm.
650 ## - SUBJECT ADDED ENTRY--TOPICAL TERM
Topical term or geographic name as entry element Management
9 (RLIN) 2508
856 ## - ELECTRONIC LOCATION AND ACCESS
Password 0
Logon 0
Link text Download
942 ## - ADDED ENTRY ELEMENTS (KOHA)
Source of classification or shelving scheme
Koha item type Books

No items available.

More Information About Library

Library Hours

  • Open: 9.00 am. to 9.00 pm.
  • Only Sunday: 9.00 am. to 6.00 pm.
  • Closed: Holiday

Contact to the University

Bangladesh University of Business and Technology Library

  • Mirpurl-2, 1216.
  • Phone:
  • Fax:
  • E-Mail: admin.library@bubt.edu.bd

Contact to the Library

Contact Person:

Md. Abdul Hakim Shah
Joint Librarian
PABX No:  113
Cell No: 01816332931
E-mail: official: admin.library@bubt.edu.bd
Personal: hakim.shah@bubt.edu.bd


BUBT Library

Copyright © 2021